Normal view MARC view

Entry Personal Name

Number of records used in: 1

001 - CONTROL NUMBER

  • control field: 11521

003 - CONTROL NUMBER IDENTIFIER

  • control field: OSt

005 - DATE AND TIME OF LATEST TRANSACTION

  • control field: 20240426231821.0

008 - FIXED-LENGTH DATA ELEMENTS

  • fixed length control field: 240426|| aca||aabn | a|a d

040 ## - CATALOGING SOURCE

  • Original cataloging agency: OSt
  • Transcribing agency: OSt

100 ## - HEADING--PERSONAL NAME

  • Personal name: Lisondra, Remedios., adviser

670 ## - SOURCE DATA FOUND

  • Source citation: Work cat.: (OSt): Dela Cruz, Lhey Ann D., author. 11515, The Growth of Imperial Tobacco, Philippine Bobbin Corporation in CEZ Rosario, Cavite /, 2018